แสดงรายละเอียดบรรณานุกรม
  กลับหน้าหลัก

Brief Record : Get Marc (ISO 2709) : E-mail record : QR code ปิดหน้าต่าง
E-books : เกี่ยวกับ Collections
LEADER 00000nama 2200000uu 4500
001    198191
003     ULIBM
008    040531s|||| th m m a000 0 tha d
020    9789749773253
041    tha
050    WO100 ศ338 2551
100    จักรพันธ์ นรเศรษฐ์...[และคนอื่นๆ].
245    ศัลยศาสตร์วิวัฒน์ 36/จักรพันธ์ เอื้อนรเศรษฐ์...[และคนอื่นๆ].
260    กรุงเทพฯ. กรุงเทพเวชสาร. 2551.
300    564 หน้า.
600    I.จักรพันธ์ เอื้อนรเศรษฐ์,บรรณาธิการ.
650    1.ศัลยศาสตร์.
995    001
รายการนี้ยังไม่มีแท็ก
คุณยังไม่ได้ล็อกอิน คุณสามารถมีกิจกรรมร่วมกับเว็บไซต์ได้ แต่ต้องล็อกอินก่อน ::
  ล็อกอิน
ลำดับที่ ประเภท เลขเรียก สถานที่ สถานะ
1. หนังสือทั่วไป
หนังสือทั่วไป
สถานะ=หนังสือเก่า - บริการ ณ ห้องสมุด (ห้องเหลือง)
WO100 ศ338 2551  
  
ห้องสมุด หอพักนักศึกษา (ห้องเหลือง) On Shelf
  ขอยืม
2. หนังสือทั่วไป
หนังสือทั่วไป
สถานะ=หนังสือเก่า - บริการ ณ ห้องสมุด (ห้องเหลือง)
WO100 ศ338 2551  
  
ห้องสมุด หอพักนักศึกษา (ห้องเหลือง) On Shelf
  ขอยืม
   [แสดง 2/2 รายการ]

รายการใกล้เคียง
    หัวเรื่อง [1.ศัลยศาสตร์.]

BibComment


ยังไม่เคยถูกคอมเมนท์

คอมเมนท์ทรัพยากรรายการนี้
  คอมเมนท์: ศัลยศาสตร์วิวัฒน์..
Bib 198191

 
 
 

 Union Library Management : ULibM
Copyright 2026. All Rights Reserved.
скачать бесплатно без регистрации порно красивый секс HD Sex Hindi sex

xxx gou

xxxx

bfxxx

xxxwww

Секса Видео

xxxx

Секса Видео

detube

geilexxx

C99 Shell

worms shell

blod xxx video
Ebony Coed Rihanna Rimes Takes A Dick In Her Young Twat priyaa indian fuck anal and pusssy hardcore indian women xxx desi hardcore fucking part 1 bengalixxxcouple